00331nam a22001217a 450000500170000002000230001703500120004003700130005210000170006524500570008226000440013930000260018320120211133131.0 a812031770Xc595.00 aB-41543 aDPLbENG aSphar, Chuck aLearn Microsoft visual C++ 6.0 now /cby Chuck Sphar aNew DelhibPrentice-Hall of Indiac1999 axxxii, 637p.c24 cms.